000 00831nam a2200217 i 4500
001 31042
003 ES-MaACL
005 20250809030221.0
007 t|
008 030128s1944 sp ||||1| spa d
100 1 _aBellón Gómez, Ildefonso.
_927267
245 1 0 _aJurisprudencia social :
_bconferencia pronunciada en la Escuela Social de Madrid, 3 de febrero de 1944 /
_cpor Ildefonso Bellón Gómez.
260 _aMadrid :
_b[Escuela Social de Madrid],
_c1944 (
_fGráf. Barragán)
300 _a16 p. ;
_c21 cm.
594 _aPrecede al tít.: Ministerio de Trabajo. Escuela Social de Madrid.
650 4 _aDerecho laboral-
_zEspaña
_911726
650 4 _aDerecho de la seguridad social-
_zEspaña
_911696
710 2 _aEscuela Social de Madrid.
_93593
852 _aES-MaACL
_j1865-F-21
999 _c31042
_d31042